| 000 | 00354nam a2200145Ia 4500 | ||
|---|---|---|---|
| 005 | 20260328101442.0 | ||
| 008 | 260328s9999||||xx |||||||||||||| ||und|| | ||
| 100 | _aFaber, Colin | ||
| 245 | 0 |
_aLas Estructuras de Candela / _cColin Faber |
|
| 250 | _a2a ed. | ||
| 260 | _bCompañía Continental | ||
| 300 | _a255 p. | ||
| 650 | _aARQUITECTOS | ||
| 942 | _cBK | ||
| 999 |
_c8304 _d8304 |
||